| 000 | 00900nam a22003137a 4500 | ||
|---|---|---|---|
| 001 | 000021719 | ||
| 003 | CHAP | ||
| 005 | 20220329134442.0 | ||
| 008 | 971013s1961 r 00010 d | ||
| 010 | _a20676 | ||
| 011 | _a21648 | ||
| 035 | _a25738 | ||
| 040 | _cCHAP | ||
| 090 | _aFolleto 6860 | ||
| 100 | 0 | 0 |
_aCernuschi, Félix. _921520 |
| 245 | 1 | 0 | _aCómo debe orientarse la enseñanza de la ciencia. |
| 260 |
_aBuenos Aires : _bEUDEBA, _c1961. |
||
| 300 | _a55 p. | ||
| 590 |
_aBATCH-UPD _b10 _c20130110 _lUCH01 _h2023 |
||
| 590 |
_aBATCH-UPD _b10 _c20130410 _lUCH01 _h1340 |
||
| 590 |
_aBATCH-UPD _b10 _c20130914 _lUCH01 _h0935 |
||
| 590 |
_aCONVERSION _b10 _c20130109 _lUCH01 _h1312 |
||
| 590 |
_aE11695DGD _b10 _c20150515 _lUCH01 _h1146 |
||
| 590 |
_aE5995AHE _b05 _c20150506 _lUCH01 _h1030 |
||
| 650 | 1 | 4 |
_aCiencia _xEstudio y enseñanza. _923118 |
| 901 | _aBK | ||
| 942 | _cFOLL | ||
| 942 | _n0 | ||
| 999 |
_c20676 _d20676 |
||